Die Papyri als Zeugen antiker Kultur zugleich ein Führer durch die Papyrusausstellung im Neuen Museum zu Berlin

محفوظ في:

المؤلف الرئيسي: Staatliche Museen zu Berlin (Germany)

مؤلفون آخرون: Schubart, Wilhelm, 1873-1960

التنسيق: كتاب

اللغة: Undetermined

الموضوعات:

الوسوم: إضافة وسم

لا توجد وسوم, كن أول من يضع وسما على هذه التسجيلة!

رقم الطلب: PJ1511 .B5 A3

LEADER 00789nam a2200193Ia 4500
008 220926s9999||||xx |||||||||||||| ||und||
050 4 |a PJ1511 .B5 A3  
100 1 |a Staatliche Museen zu Berlin (Germany) 
245 1 0 |a Die Papyri als Zeugen antiker Kultur   |b zugleich ein Führer durch die Papyrusausstellung im Neuen Museum zu Berlin 
264 |c 1925.  |b W. De Gruyter   |a Berlin  
300 |a 88 p.   |b ill.   |c 17 cm. 
500 |a "Vorwort" signed: Wilhelm Schubart. 
504 |a Bibliography: p. 94-98. 
650 4 |a Egypt -- Civilization. 
650 4 |a Manuscripts (Papyri). 
700 1 |a Schubart, Wilhelm, 1873-1960 
942 |2 lcc  |c BK 
952 |0 0  |1 0  |2 lcc  |4 0  |6 PJ1511 B5 A3  |7 1  |9 42948  |a ARCE  |b ARCE  |d 2022-09-26  |l 0  |o PJ1511 .B5 A3   |p 1032789  |r 2022-09-26 00:00:00  |w 2022-09-26  |y BK 
999 |c 49507  |d 49507